000 00555nam a2200217Ia 4500
001 53151
005 20240114005334.0
007 ta
008 101219s2010 g b000 u 903 u
040 _aCotton College,Assam
041 _a903
082 _a001
_bHa 129 Ch
100 _aHalder, Kangkan .
245 0 _aUGC-CSIR JRF/LS /
_cKangkan Halder.
_hTextual Documents
260 _aIndia :
_bDanika Pub ,
_c2010.
300 _a608pg ;
_c23cm.
653 _aUGC-CSIR JRF/LS
942 _2ddc
_cBK
999 _c53114
_d53114